000 00799nab a2200241 u 4500
001 17584
003 HDC
007 cr bn ---aaaaa
008 210224c20101224xx dr|noo 0 a eng d
040 _aHDC
245 0 _aMany Malay Entrepreneurs In Terengganu Without Halal Certificates
260 _a[No place] :
_b[publisher not identified],
_c2010
336 _atext
_2rdacontent
337 _acomputer
_2rdamedia
338 _aonline resource
_2rdacarrier
650 _aentrepreneurs
_951
650 _aHalal certification
_9753
710 _aHalal focus
856 _zRequest full-text at [email protected]
942 _2lcc
942 _cNEWS
942 _kNWSO 005960
999 _c14900
_d14900